| 000 | 00750nam a2200193 a 4500 | ||
|---|---|---|---|
| 008 | 091008s1998 ||||||||||||||||| || u | ||
| 050 | _aADB(08)ER/37 | ||
| 100 | _aSchultz, T. Paul | ||
| 245 | 1 | 4 | _aThe Formation of human capital and the economic development of Africa: returns to health and schooling investments |
| 260 |
_aAbidjan: _bADB _c1998 |
||
| 300 | _a40p. | ||
| 350 | _a0.00 | ||
| 490 | _aADB Economic research papers | ||
| 650 | 0 | _aECONOMIC DEVELOPMENT--AFRICA | |
| 650 | _aHUMAN CAPITAL.--AFRICA | ||
| 650 | 7 |
_aAFRICA _2fast |
|
| 710 | _aAfrican Development Bank (ADB) | ||
| 995 |
_D0.00 _FCBU-MAIN LIBRARY (Kitwe) _H1 _I0.00 _M1 _UAVAILABLE _WOct 8, 2009 _ZInternational Publications |
||
| 999 |
_c43821 _d43821 |
||